<?xml version="1.0" encoding="UTF-8"?>
<record
    xmlns:xsi="http://www.w3.org/2001/XMLSchema-instance"
    xsi:schemaLocation="http://www.loc.gov/MARC21/slim http://www.loc.gov/standards/marcxml/schema/MARC21slim.xsd"
    xmlns="http://www.loc.gov/MARC21/slim">

  <leader>04466cam a22005535i 4500</leader>
  <controlfield tag="001">ssj0001597371</controlfield>
  <controlfield tag="003">WaSeSS</controlfield>
  <controlfield tag="005">20250304111344.0</controlfield>
  <controlfield tag="006">m        d        </controlfield>
  <controlfield tag="007">cr  n         </controlfield>
  <controlfield tag="008">151230s2016    xxu|    o    |||| 0|eng d</controlfield>
  <datafield tag="020" ind1=" " ind2=" ">
    <subfield code="a">9781484218365</subfield>
  </datafield>
  <datafield tag="024" ind1="7" ind2=" ">
    <subfield code="a">10.1007/978-1-4842-1836-5</subfield>
    <subfield code="2">doi</subfield>
  </datafield>
  <datafield tag="040" ind1=" " ind2=" ">
    <subfield code="b">eng</subfield>
    <subfield code="d">WaSeSS</subfield>
    <subfield code="c">AIMIT LIBRARY</subfield>
  </datafield>
  <datafield tag="050" ind1=" " ind2="4">
    <subfield code="a">QA76.6-76.66</subfield>
  </datafield>
  <datafield tag="072" ind1=" " ind2="7">
    <subfield code="a">UM</subfield>
    <subfield code="2">bicssc</subfield>
  </datafield>
  <datafield tag="072" ind1=" " ind2="7">
    <subfield code="a">COM051000</subfield>
    <subfield code="2">bisacsh</subfield>
  </datafield>
  <datafield tag="082" ind1="0" ind2="4">
    <subfield code="a">006.671</subfield>
    <subfield code="2">23</subfield>
    <subfield code="b">GANS</subfield>
  </datafield>
  <datafield tag="092" ind1=" " ind2=" ">
    <subfield code="a">EBOOK</subfield>
  </datafield>
  <datafield tag="100" ind1="1" ind2=" ">
    <subfield code="a">Ganesh, S. G.</subfield>
    <subfield code="9">32544</subfield>
  </datafield>
  <datafield tag="245" ind1="1" ind2="0">
    <subfield code="a">Oracle certified professional java SE 8 programmer exam 1Z0-809 :</subfield>
    <subfield code="b">comprehensive OCPJP 8 certification guide /</subfield>
    <subfield code="c">by S G Ganesh, Hari Kiran and Tushar Sharma.</subfield>
  </datafield>
  <datafield tag="250" ind1=" " ind2=" ">
    <subfield code="a">1st ed.</subfield>
  </datafield>
  <datafield tag="260" ind1=" " ind2=" ">
    <subfield code="a">London :</subfield>
    <subfield code="b">Apress ,</subfield>
    <subfield code="c">2020 .</subfield>
  </datafield>
  <datafield tag="264" ind1=" " ind2="1">
    <subfield code="a">Berkeley, CA :</subfield>
    <subfield code="b">Apress :</subfield>
    <subfield code="b">Imprint: Apress,</subfield>
    <subfield code="c">2020.</subfield>
  </datafield>
  <datafield tag="300" ind1=" " ind2=" ">
    <subfield code="a">xxii,484p.; </subfield>
    <subfield code="b">PB</subfield>
    <subfield code="c">25 cm.</subfield>
  </datafield>
  <datafield tag="336" ind1=" " ind2=" ">
    <subfield code="a">text</subfield>
    <subfield code="b">txt</subfield>
    <subfield code="2">rdacontent</subfield>
  </datafield>
  <datafield tag="337" ind1=" " ind2=" ">
    <subfield code="a">computer</subfield>
    <subfield code="b">c</subfield>
    <subfield code="2">rdamedia</subfield>
  </datafield>
  <datafield tag="338" ind1=" " ind2=" ">
    <subfield code="a">online resource</subfield>
    <subfield code="b">cr</subfield>
    <subfield code="2">rdacarrier</subfield>
  </datafield>
  <datafield tag="347" ind1=" " ind2=" ">
    <subfield code="a">text file</subfield>
    <subfield code="b">PDF</subfield>
    <subfield code="2">rda</subfield>
  </datafield>
  <datafield tag="505" ind1="0" ind2=" ">
    <subfield code="a">The OCPJP 8 Exam: Frequently Asked Questions (FAQ) -- Java Class Design -- Advanced Java Class Design -- Generics and Collections Lambda Built-in Functional Interfaces -- Java Stream API -- Exceptions and Assertions -- Use Java SE 8 Date/Time API -- Java I/O Fundamentals -- Java File I/O (NIO.2) -- Java Concurrency -- Building Database Applications with JDBC -- Localization -- Full-length Mock Exam.</subfield>
  </datafield>
  <datafield tag="506" ind1=" " ind2=" ">
    <subfield code="a">Requires an SPL library card.</subfield>
  </datafield>
  <datafield tag="520" ind1=" " ind2=" ">
    <subfield code="a">This book is a comprehensive, step-by-step and one-stop guide for the Java SE 8 Programmer II exam (IZ0-809). Salient features of this book include: 100% coverage of the exam topics, a full-length mock exam, practice exam questions, exam notes and tips. Oracle Certified Professional Java SE 8 Programmer II Guide (Exam IZ0-809) is a comprehensive guide for the OCPJP 8 exam. The book starts by answering frequently asked questions about the OCPJP 8 exam (Chapter 1). The book maps each exam topic into a chapter and covers 100% of the exam topics (next 12 Chapters). Exam topics are discussed using numerous programming and real-world examples. Each chapter ends with practice exam questions and a quick summary that revises key concepts covered in the chapter from exam perspective. After reading the main chapters, you can take the full-length mock exam to ensure that you have enough practice before actually taking the exam (Chapter 14). If you are an OCPJP 8 exam aspirant, this book is certainly for you. This book assumes that you are already familiar with Java fundamentals (that is in line with the prerequisite of having a OCAJP 8 certification before you take up the OCPJP 8 exam). This book will be a delectable read to you because of its simple language, example driven approach, easy-to-read style, and complete focus towards the exam. Salient Features ? In-depth and 100% coverage of all 12 exam topics for the certification ? Numerous illustrative programming and real-world examples ? Hundreds of practice exam questions (including a full-length mock exam) What you will learn: ? Have the necessary knowledge to clear the exam since 100% of the exam topics are covered to the required depth ? clearly understand the scope and objectives of the exam, the technical topics covered in the exam, and type and level-of-difficulty of the exam questions (in short, you will clearly know what?s exactly required for passing the exam) ? get into an (S2(Bexam mindset(S3 (Bby trying out hundreds of practice exam questions. .</subfield>
  </datafield>
  <datafield tag="538" ind1=" " ind2=" ">
    <subfield code="a">Mode of access: World Wide Web.</subfield>
  </datafield>
  <datafield tag="650" ind1=" " ind2="0">
    <subfield code="a">Java class design</subfield>
    <subfield code="9">32545</subfield>
  </datafield>
  <datafield tag="650" ind1=" " ind2="0">
    <subfield code="a">Generics and collections</subfield>
    <subfield code="9">32546</subfield>
  </datafield>
  <datafield tag="650" ind1=" " ind2="0">
    <subfield code="a">Java stream API</subfield>
    <subfield code="9">32547</subfield>
  </datafield>
  <datafield tag="655" ind1=" " ind2="7">
    <subfield code="a">Electronic books.</subfield>
    <subfield code="2">local</subfield>
    <subfield code="9">32548</subfield>
  </datafield>
  <datafield tag="700" ind1="1" ind2=" ">
    <subfield code="a">Kiran, Hari.</subfield>
    <subfield code="9">32549</subfield>
  </datafield>
  <datafield tag="700" ind1="1" ind2=" ">
    <subfield code="a">Sharma, Tushar</subfield>
    <subfield code="9">32550</subfield>
  </datafield>
  <datafield tag="710" ind1="2" ind2=" ">
    <subfield code="a">SpringerLink (Online service)</subfield>
    <subfield code="9">32551</subfield>
  </datafield>
  <datafield tag="710" ind1="2" ind2=" ">
    <subfield code="a">O'Reilly (Firm)</subfield>
    <subfield code="9">32552</subfield>
  </datafield>
  <datafield tag="710" ind1="2" ind2=" ">
    <subfield code="a">Serials Solutions</subfield>
    <subfield code="9">32553</subfield>
  </datafield>
  <datafield tag="773" ind1="0" ind2=" ">
    <subfield code="t">Springer eBooks</subfield>
  </datafield>
  <datafield tag="776" ind1="0" ind2="8">
    <subfield code="i">Printed edition:</subfield>
    <subfield code="z">9781484218358</subfield>
  </datafield>
  <datafield tag="856" ind1="4" ind2="0">
    <subfield code="y">View this electronic item in O'Reilly Online Learning: Academic/Public Library Edition.</subfield>
    <subfield code="u">https://ezproxy.spl.org/login?url=https://learning.oreilly.com/library/view/~/9781484218365/?ar</subfield>
    <subfield code="z">An e-book available through full-text database.</subfield>
  </datafield>
  <datafield tag="942" ind1=" " ind2=" ">
    <subfield code="2">ddc</subfield>
    <subfield code="c">BK</subfield>
    <subfield code="e">1st </subfield>
    <subfield code="k">006.671 GANS</subfield>
  </datafield>
  <datafield tag="999" ind1=" " ind2=" ">
    <subfield code="c">222692</subfield>
    <subfield code="d">222692</subfield>
  </datafield>
  <datafield tag="999" ind1=" " ind2=" ">
    <subfield code="b">03582596</subfield>
  </datafield>
  <datafield tag="952" ind1=" " ind2=" ">
    <subfield code="0">0</subfield>
    <subfield code="1">0</subfield>
    <subfield code="2">ddc</subfield>
    <subfield code="4">0</subfield>
    <subfield code="7">0</subfield>
    <subfield code="8">MCA</subfield>
    <subfield code="a">AIMIT</subfield>
    <subfield code="b">AIMIT</subfield>
    <subfield code="d">2022-03-24</subfield>
    <subfield code="e">Biblios Book Point</subfield>
    <subfield code="i">Bill no:6627; Bill dt:2022-03-23</subfield>
    <subfield code="l">0</subfield>
    <subfield code="o">006.671 GANS</subfield>
    <subfield code="p">MCA17019</subfield>
    <subfield code="r">2025-07-21 00:00:00</subfield>
    <subfield code="v">1499.00</subfield>
    <subfield code="w">2022-04-28</subfield>
    <subfield code="y">BK</subfield>
  </datafield>
</record>
